| 000 | 00837nam a2200229Ia 4500 | ||
|---|---|---|---|
| 003 | GCL | ||
| 008 | 140319s9999 xx 000 0 ara d | ||
| 040 |
_aGCL / _cGCL |
||
| 082 | 0 | 4 |
_a953.076 _bح م |
| 100 | 1 | _aحربى امين سليمان | |
| 245 | 1 | 0 |
_aالمؤرخ الايرانى الكبير غياث الدين خواندمير كما يبدو فى كتابة دستور الوزراء / _cحربى امين سليمان |
| 260 |
_a[S.N] : _bالهيئة المصرية العامة للكتاب ، _c1980 |
||
| 300 | _a490 ص | ||
| 490 | _a | ||
| 650 | 0 | 4 | _aالتاريخ الاسلامى |
| 650 | 0 | 4 | _aالوزراء |
| 650 | 0 | 4 | _aالحضارة الاسلامية |
| 650 | 0 | 4 | _aالدولة الصفوية |
| 650 | 0 | 4 | _aالدولة السامانية |
| 650 | 0 | 4 | _aايران فى الادب |
| 942 |
_2ddc _cBK |
||
| 999 |
_c29942 _d29942 |
||